| 000 | 00676nam a2200181 a 4500 | ||
|---|---|---|---|
| 003 | 0 | ||
| 005 | 20250407115435.0 | ||
| 008 | 071126s19uu xx 00 eng d | ||
| 050 |
_aPHS QK 899.L48 _b.S89 2007 |
||
| 100 | _aSuzuki, Aiko D. | ||
| 245 |
_aThe effect of ipil-ipil (Lucaena leucocephala) extract on protozoan / _cAiko D. Suzuki. |
||
| 260 |
_aLas PiƱas City, Philippines : _bSouthville International School and Colleges, _c2007. |
||
| 300 |
_a39 pages : _billustrations ; _c28 cm. |
||
| 504 | _aIncludes bibliographical references. | ||
| 650 |
_aLeucaena leucocephala _xPhysiological effect. |
||
| 650 |
_aProtozoa _xEffect of plant extracts on. |
||
| 942 |
_2lcc _cPASS |
||
| 999 |
_c97886 _d97886 |
||